• 首页
  • 本馆介绍
  • 公告通知
  • 最新文献
  • 馆藏检索
  • 电子资源
  • 读者导购
  • 参考咨询
  • 我的图书馆
  • 登录
  • 详细信息显示
  • 放入我的书架
  • 预约/预借图书
  • 作者相关作品
  • 分类相关作品
  • 丛书相关作品
  • 出版社相关作品

书目信息

  • 表格格式
  • 工作单格式
  • 卡片格式
题名:
国际经济与贸易专业综合实训
    
 
作者: 杨培强 主编
分册:   流程实操(双语)
出版信息: 大连   东北财经大学出版社  2021.3
页数: 293页
开本: 26cm
丛书名:
单 册:
中图分类: F11-0 , F74
科图分类:
主题词: 国际经济学--guo ji jing ji xue--高等学校--教学参考资料 , 国际贸易--guo ji mao yi--高等学校--教学参考资料
电子资源:
ISBN: 978-7-5654-4135-6
000 01424nam0 2200277 450
001 2131728191
005 20210930094306.0
010    @a978-7-5654-4135-6@dCNY52.00
100    @a20210411d2021 em y0chiy0120 ea
101 0  @achi@aeng
102    @aCN@b210000
105    @aa z 000yy
106    @ar
200 1  @a国际经济与贸易专业综合实训@Aguo ji jing ji yu mao yi zhuan ye zong he shi xun@i流程实操(双语)@f杨培强主编
210    @a大连@c东北财经大学出版社@d2021.3
215    @a293页@c图@d26cm
300    @a经济管理国家级实验教学示范中心(嘉兴学院) 经管类专业系列实验教学指导书
330    @a本书中英文部分各包含四个章节:第一章是实训准备,包括综合实训目标和学生实训要求;第二章是教师准备,主要强调了从教师角度如何更好地组织教学,包括分配账号、设置参数、设置评分规则等内容;第三章是SimTrade五种角色操作要点,主要指导学生如何履行在常用的L/C+CIF等贸易模式下各种角色在国际贸易中的义务;第四章是学生实训,主要指导学生如何完成国际贸易操作流程。另外,附录内容包括不同课时要求下的实训教学安排、实训中出现的各种问题的解答以及完成国际贸易操作流程中需要填制的各种表格的样表。
517 1  @a流程实操(双语)@Aliu cheng shi cao (shuang yu )
606 0  @a国际经济学@Aguo ji jing ji xue@x高等学校@j教学参考资料
606 0  @a国际贸易@Aguo ji mao yi@x高等学校@j教学参考资料
690    @aF11-0@v5
690    @aF74@v5
701  0 @a杨培强@Ayang pei qiang@4主编
801  0 @aCN@b百万庄@c20210929
905    @b1303162-65@dF11-0@e200@f4
    
    国际经济与贸易专业综合实训.流程实操(双语)/杨培强主编.-大连:东北财经大学出版社,2021.3
    293页:图;26cm
    经济管理国家级实验教学示范中心(嘉兴学院) 经管类专业系列实验教学指导书
    
    ISBN 978-7-5654-4135-6:CNY52.00
    本书中英文部分各包含四个章节:第一章是实训准备,包括综合实训目标和学生实训要求;第二章是教师准备,主要强调了从教师角度如何更好地组织教学,包括分配账号、设置参数、设置评分规则等内容;第三章是SimTrade五种角色操作要点,主要指导学生如何履行在常用的L/C+CIF等贸易模式下各种角色在国际贸易中的义务;第四章是学生实训,主要指导学生如何完成国际贸易操作流程。另外,附录内容包括不同课时要求下的实训教学安排、实训中出现的各种问题的解答以及完成国际贸易操作流程中需要填制的各种表格的样表。
●
相关链接 在E读中查询图书 在五车中查询图书 在当当中查询图书 在豆瓣中查询图书


正题名:国际经济与贸易专业综合实训     索取号:F11-0/200         预约/预借

序号 登录号 条形码 馆藏地/架位号 状态 备注
1 1303162   213031627   第一样本阅览室/ [索取号:F11-0/200] 在馆    
2 1303163   213031636   第一借阅区/ [索取号:F11-0/200] 在馆    
3 1303164   213031645   第一借阅区/ [索取号:F11-0/200] 在馆    
4 1303165   213031654   第一借阅区/ [索取号:F11-0/200] 在馆    
唐山师范学院图书馆 欢迎您!
大连网信软件有限公司© 版权所有